| 000 | 00757nam a2200205 a 4500 | ||
|---|---|---|---|
| 005 | 20240920063726.0 | ||
| 008 | 080722s1985 mx r 000 0 spa d | ||
| 020 | _a9282010384 | ||
| 035 | _aUPN01000157848 | ||
| 049 | _aUNE | ||
| 080 | 1 | 4 | _a376.76 (100) =20 LEA No.1. |
| 245 | 0 | 0 |
_aLearning strategies for post-literacy and continuing education : _ba cross-national perspective / _cby R. H. Dave... [et al.]. |
| 260 |
_aHamburgo : _bUNESCO. Institute for Education, _c1985. |
||
| 300 |
_axvii, 269 p. : _bretrs, fots. |
||
| 440 | 0 |
_aUIE studies on post-literacy and continuing education ; _v1 |
|
| 690 |
_aEducación permanente _97280 |
||
| 700 | 1 |
_aDave, R. H., _ecoaut. _932391 |
|
| 710 | 2 |
_aUNESCO. _bInstitute for Education Hamburg |
|
| 905 | _aUNESCO | ||
| 999 |
_c129962 _d129962 |
||